New first course in the theory of equations

Αποθηκεύτηκε σε:
Λεπτομέρειες βιβλιογραφικής εγγραφής
Κύριος συγγραφέας: Dickson, Leonard E. (Leonard Eugene), 1874-1957
Μορφή: Βιβλίο
Γλώσσα:English
Δημοσίευση: New York : London : J. Wiley & sons, inc.;, Chapman & Hall, limited, 1939
Θέματα:
Ετικέτες: Προσθήκη ετικέτας
Δεν υπάρχουν, Καταχωρήστε ετικέτα πρώτοι!

MARC

LEADER 00000cam a2200000 i 4500
001 1/96658
008 081105s1939 eng d
035 |l 10101423 
040 |a GR-MY-UA  |b gre  |e aacr 
041 0 |a eng 
082 0 |a 512.94  |2 (22) 
100 1 |a Dickson, Leonard E.   |q (Leonard Eugene),   |d 1874-1957. 
245 1 0 |a New first course in the theory of equations /  |c by Leonard Eugene Dickson 
260 |a New York :   |a London :   |b J. Wiley & sons, inc.;,   |b Chapman & Hall, limited,   |c 1939 
300 |a ix, 185 σ.;  |b διαγρ.;  |c 23 εκ. 
504 |a Περιέχει ευρετήριο 
650 0 0 |a Equations, Theory of. 
852 |a INST  |b SAMOS  |c MAG  |e 20081105  |h 512.94 DIC  |p 005300029684  |q 005300029684  |t BK  |y 0 
901 |a BIBL3-2008-3 
909 |a Σ  |b 155296 
970 |a ΣΙΤΖΙΜΗ  |b ΓΙΑΣΕΜΗ  |z 2008/11/05